Central Library OPAC University of Rajshahi

Physiology / (Record no. 75002)

MARC details
000 -LEADER
fixed length control field 00639nam a22002412 4500
001 - CONTROL NUMBER
control field 75002
003 - CONTROL NUMBER IDENTIFIER
rucl marc code BD-RjUL
005 - DATE AND TIME OF LATEST TRANSACTION
control field 20211209082631.0
008 - FIXED-LENGTH DATA ELEMENTS--GENERAL INFORMATION
fixed length control field 190108s1966 enk 000 0 eng d
035 ## - SYSTEM CONTROL NUMBER
System control number OCLC ocm13842194 from D971013M
System control number (BD-RjUL)75220
040 ## - CATALOGING SOURCE
Original cataloging agency ERL
Transcribing agency ERL
Modifying agency UKM
-- EQO
-- BD-RjUL
Language of cataloging eng
041 ## - LANGUAGE CODE
Language code of text/sound track or separate title eng
082 04 - DEWEY DECIMAL CLASSIFICATION NUMBER
Edition number 23
Classification number 612
Author mark and year PHY 1966
245 00 - TITLE STATEMENT
Title Physiology /
Statement of responsibility, etc. edited by Ewald E. Selkurt.
250 ## - EDITION STATEMENT
Edition statement 2nd ed.
260 ## - PUBLICATION, DISTRIBUTION, ETC. (IMPRINT)
Place of publication, distribution, etc. London :
Name of publisher, distributor, etc. Churchill,
Date of publication, distribution, etc. 1966.
300 ## - PHYSICAL DESCRIPTION
Pagination 796 p.
650 ## - SUBJECT ADDED ENTRY--TOPICAL TERM
Topical term or geographic name as entry element Human physiology
9 (RLIN) 226738
700 1# - ADDED ENTRY--PERSONAL NAME
Personal name Selkurt, Ewald E.
942 ## - ADDED ENTRY ELEMENTS (KOHA)
Source of classification or shelving scheme Dewey Decimal Classification
Koha item type Books
Holdings
Lost status Source of classification or shelving scheme Damaged status Not for loan Collection code Permanent Location Current Location Shelving location Date acquired Source of acquisition Cost, normal purchase price Total Checkouts Full call number Date last seen Copy number Koha item type
  Dewey Decimal Classification   Not For Loan Non-fiction Central Library, University of Rajshahi Central Library, University of Rajshahi Reading Room 18/08/1973 Warsi Book Centre 77.00   612 PHY 1966 08/01/2019 C-1 Books